LEADER 01321nam a2200289 u 4500 001 000000092629 003 CaOOAMICUS 005 20070226124947.0 008 060712s2006 it u000 u ita u 020 $a8821306135 035 $a11095546 040 $aPUL$bita 100 1 $aOttone, Enrica.$0(OLS)http://pul/name/59729 245 10$aDiritto all'educazione e processi educativi scolastici :$bun percorso di ricerca-azione in una scuola secondaria di secondo grado /$cEnrica Ottone. 260 $aRoma :$bLAS,$cc2006. 300 $a336 p. ;$c22 cm 490 1 $aIl prisma ;$v31 504 $aBibliografia: p. [297]-315. 650 4$aEducazione$xPersona.$0(OLS)http://pul/subject/29892 650 4$aEducazione$xDiritto.$0(OLS)http://pul/subject/28611 830 3$aIl prisma ;$v31.$0(OLS)http://pul/title/20363 850 $aPUL 852 $aPUL$W1$xSL Diritto e Scienze Sociali 3$y79$m344. 45 OTTEN 1$j116480$nBK-PRI$b $qDDC 21$B116480$CPULBib$Z2$F116480 $HPUL101920 $81 941 1 $a9 996 $6020$a8821306135$9(OLS)http://pul/number/121767 996 $6245$aDiritto all'educazione e processi educativi scolastici :$bun percorso di ricerca-azione in una scuola secondaria di secondo grado$9(OLS)http://pul/title/119534 996 $6260$aRoma :$bLAS$9(OLS)http://pul/publisher/48069 LEADER 01652nam a2200337 a 4500 001 000000070872 003 CaOOAMICUS 005 20150703165502.0 008 020516s1986 it u000 u ita r 020 $a8821301273 035 $a10930091 040 $aPUL(R)$bita 245 00$aCrisi del sacro :$bsacralità, desacralizzazione, dissacrazione /$ca cura del Centro Studi Religiosi, Facoltà di Filosofia dell'UPS. 260 $aRoma :$bLAS,$cc1986. 300 $a102 p. ;$c24 cm 490 1 $aQuaderni di "Salesianum" ;$v12 490 1 $aCronache e commenti di studi religiosi ;$v3 504 $aBibliografia in nota. 650 4$aFilosofia e religione.$0(OLS)http://pul/subject/2646 650 4$aSpiritualità.$0(OLS)http://pul/subject/843 710 2 $aPontificio Ateneo salesiano.$bFacoltà di filosofia.$bCentro di studi religiosi.$0(OLS)http://pul/name/6685 830 0$aQuaderni di "Salesianum" ;$v12.$0(OLS)http://pul/title/9652 830 0$aCronache e commenti di studi religiosi (LAS) ;$v3.$0(OLS)http://pul/title/182463 850 $aPUL 852 $aPUL$W1$xDP1 Cons. Gen., Altre Classi 1$y22$m780 A 25$j91702$nBK-PRI$b $qStampati$B91702$CPULBib$Z2$F91702 $H $81 852 $aPUL$W1$xSL Religione 1$y3$m58 L 58$j120996$nBK-PRI$ac. 2$qStampati$B120150$CPULBib$Z2$F120150 $H55718 $82 941 1 $a8 961 $aINV: 60502 996 $6020$a8821301273$9(OLS)http://pul/number/91621 996 $6245$aCrisi del sacro :$bsacralità, desacralizzazione, dissacrazione$9(OLS)http://pul/title/93355 996 $6260$aRoma :$bLAS$9(OLS)http://pul/publisher/48069